All Qatar Airways Destinations - Statistics

General Stats
  • This quiz has been taken 27 times
  • The average score is 119 of 245
Answer Stats
Country City % Correct
Belgium Brussels
96%
Algeria Algiers
91%
Germany Berlin
91%
Argentina Buenos Aires
91%
India Delhi
91%
Finland Helsinki
91%
France Paris
91%
Bulgaria Sofia
91%
Austria Vienna
91%
Croatia Zagreb
91%
Denmark Copenhagen
87%
Bangladesh Dhaka
87%
Ireland Dublin
87%
Germany Frankfurt
87%
Afghanistan Kabul
87%
Italy Milan
87%
Germany Munich
87%
Australia Perth
87%
Czechia Prague
87%
Australia Sydney
87%
Canada Toronto
87%
Ethiopia Addis Ababa
83%
Greece Athens
83%
China Beijing
83%
Colombia Bogotá
83%
Australia Brisbane
83%
Egypt Cairo
83%
Hong Kong Hong Kong
83%
Australia Melbourne
83%
France Nice
83%
Italy Rome
83%
Chile Santiago
83%
Brazil São Paulo
83%
China Shanghai
83%
Australia Adelaide
78%
Azerbaijan Baku
78%
Hungary Budapest
78%
Canada Montreal
78%
India Mumbai
78%
Japan Tokyo
78%
Ghana Accra
74%
Egypt Alexandria
74%
Netherlands Amsterdam
74%
Germany Düsseldorf
74%
Germany Hamburg
74%
Malaysia Kuala Lumpur
74%
France Lyon
74%
Bahrain Manama
74%
Kenya Nairobi
74%
Norway Oslo
74%
New Zealand Auckland
70%
Iraq Baghdad
70%
Bangladesh Chittagong
70%
China Guangzhou
70%
Germany Hahn
70%
Indonesia Jakarta
70%
Japan Osaka
70%
Singapore Singapore
70%
Georgia Tbilisi
70%
Italy Venice
70%
Armenia Yerevan
70%
India Bengaluru
65%
Indonesia Denpasar
65%
Djibouti Djibouti City
65%
Qatar Doha
65%
India Hyderabad
65%
Nepal Kathmandu
65%
India Kolkata
65%
Kuwait Kuwait City
65%
Nigeria Lagos
65%
Peru Lima
65%
Angola Luanda
65%
Oman Muscat
65%
Cambodia Phnom Penh
65%
Bosnia and Herzegovina Sarajevo
65%
Iran Tehran
65%
India Ahmedabad
61%
Kazakhstan Almaty
61%
Kazakhstan Astana
61%
Spain Barcelona
61%
Romania Bucharest
61%
Australia Canberra
61%
Morocco Casablanca
61%
India Chennai
61%
Switzerland Geneva
61%
Pakistan Islamabad
61%
Democratic Republic of the Congo Kinshasa
61%
Spain Madrid
61%
Philippines Manila
61%
Russia Moscow
61%
Ecuador Quito
61%
Saudi Arabia Riyadh
61%
Russia Saint Petersburg
61%
France Toulouse
61%
Jordan Amman
57%
China Chengdu
57%
United Arab Emirates Dubai
57%
Pakistan Karachi
57%
Pakistan Lahore
57%
Portugal Lisbon
57%
Luxembourg Luxembourg City
57%
United States New York City
57%
Egypt Sharm El Sheikh
57%
Sweden Stockholm
57%
Germany Stuttgart
57%
Poland Warsaw
57%
Switzerland Zürich
57%
United Arab Emirates Abu Dhabi
52%
Eritrea Asmara
52%
Thailand Bangkok
52%
Lebanon Beirut
52%
South Africa Cape Town
52%
Sri Lanka Colombo
52%
Vietnam Hanoi
52%
Saudi Arabia Jeddah
52%
South Africa Johannesburg
52%
United Kingdom London
52%
Maldives Malé
52%
South Korea Seoul
52%
Libya Tripoli
52%
Nigeria Abuja
48%
United States Atlanta
48%
Serbia Belgrade
48%
China Chongqing
48%
Tanzania Dar es Salaam
48%
Vietnam Ho Chi Minh City
48%
Turkey Istanbul
48%
Cyprus Larnaca
48%
United States Los Angeles
48%
Macau Macau
48%
United Kingdom Manchester
48%
Iran Shiraz
48%
North Macedonia Skopje
48%
Ivory Coast Abidjan
43%
United Kingdom Birmingham
43%
United States Boston
43%
United States Dallas
43%
United Kingdom Edinburgh
43%
Morocco Marrakesh
43%
United States Miami
43%
Myanmar Yangon
43%
Switzerland/France/Germany Basel
39%
Iraq Basra
39%
Philippines Cebu
39%
United States Chicago
39%
Saudi Arabia Dammam
39%
Croatia Dubrovnik
39%
South Africa Durban
39%
Botswana Gaborone
39%
Sweden Gothenburg
39%
Canada Halifax
39%
China Hangzhou
39%
Iran Isfahan
39%
Sudan Khartoum
39%
Egypt Luxor
39%
Spain Málaga
39%
Mozambique Maputo
39%
Kenya Mombasa
39%
Greece Mykonos
39%
Thailand Phuket
39%
United States San Francisco
39%
Greece Santorini
39%
Greece Thessaloniki
39%
Turkey Ankara
35%
Iraq Erbil
35%
India Goa
35%
United States Houston
35%
Rwanda Kigali
35%
Ukraine Kyiv
35%
Belgium Liège
35%
Iran Mashhad
35%
Somalia Mogadishu
35%
Oman Salalah
35%
Yemen Sana'a
35%
United States Seattle
35%
Uzbekistan Tashkent
35%
Tunisia Tunis
35%
Namibia Windhoek
35%
Turkey Antalya
30%
India Kochi
30%
Saudi Arabia Medina
30%
Malaysia Penang
30%
Italy Pisa
30%
Morocco Rabat
30%
United Arab Emirates Sharjah
30%
United States Washington, D.C.
30%
Syria Aleppo
26%
Syria Damascus
26%
Zimbabwe Harare
26%
Turkey İzmir
26%
Nigeria Kano
26%
Zambia Lusaka
26%
Belgium Ostend
26%
United States Philadelphia
26%
Norway Stavanger
26%
India Thiruvananthapuram
26%
Malta Valletta
26%
India Amritsar
22%
Vietnam Da Nang
22%
Pakistan Faisalabad
22%
Seychelles Mahé
22%
Iraq Najaf
22%
United States Newark
22%
Pakistan Peshawar
22%
Nigeria Port Harcourt
22%
Russia Yekaterinburg
22%
Tanzania Zanzibar
22%
Saudi Arabia Abha
17%
Turkey Adana
17%
Philippines Davao
17%
Uganda Entebbe
17%
Thailand Krabi
17%
Indonesia Medan
17%
Switzerland/France/Germany Mulhouse
17%
India Nagpur
17%
Turkey Bodrum
13%
United Kingdom Cardiff
13%
Thailand Chiang Mai
13%
Philippines Clark
13%
Malaysia Johor Bahru
13%
India Kozhikode
13%
Netherlands Maastricht
13%
United Arab Emirates Ras Al Khaimah
13%
Pakistan Sialkot
13%
Oman Sohar
13%
Iraq Sulaymaniyah
13%
Saudi Arabia Ta'if
13%
Saudi Arabia Al-'Ula
9%
Brazil Campinas
9%
Switzerland/France/Germany Freiburg
9%
Saudi Arabia Gassim
9%
Tanzania Kilimanjaro
9%
Malaysia Langkawi
9%
Pakistan Multan
9%
Saudi Arabia Neom Bay
9%
Ukraine Odesa
9%
Turkey Trabzon
9%
Saudi Arabia Yanbu
9%
Saudi Arabia Hofuf
4%
United States Honolulu
4%
United States Pittsburgh
4%
Saudi Arabia Tabuk
4%
Spain Zaragoza
4%
United Kingdom East Midlands
0%
Thailand Pattaya
0%
No matching quizzes found
Score Distribution
Percent of People with Each Score
Percentile by Number Answered
Your Score History
You have not taken this quiz